[Event "World Rapid 2025"]
[Site "Doha QAT"]
[Date "2025.12.26"]
[Round "2.89"]
[White "Sharan, Rao"]
[Black "Nesterov, Arseniy"]
[Result "0-1"]
[WhiteTitle "IM"]
[BlackTitle "GM"]
[WhiteElo "2341"]
[BlackElo "2595"]
[WhiteFideId "5073464"]
[BlackFideId "24198455"]
[EventDate "2025.12.26"]
[EventType "rapid"]

1. Nf3 d5 2. b3 c5 3. e3 Nc6 4. Bb2 e6 5. Be2 Nf6 6. O-O Bd6 7. d4 cxd4 8. Nxd4
O-O 9. Nd2 Nxd4 10. Bxd4 b6 11. c4 Bb7 12. Bb2 Qe7 13. Rc1 Ba3 14. Qc2 Rac8 15.
Qb1 Bxb2 16. Qxb2 Rfd8 17. Rfd1 h6 18. h3 dxc4 19. Nxc4 Rxd1+ 20. Rxd1 Nd5 21.
Rc1 Rc5 22. Ne5 Nf6 23. Bf3 Bxf3 24. Nxf3 Nd5 25. Rxc5 Qxc5 26. Qe5 Qc1+ 27. Kh2
Qc8 28. Qd6 Qc2 29. Qb8+ Kh7 30. Qxa7 Qxf2 31. Qxf7 Qxe3 32. h4 Nf6 33. b4 e5
34. Qc7 e4 35. Qc2 Qf4+ 36. Kg1 Qe3+ 37. Kh2 Qf4+ 38. Kg1 Ng4 39. Qd2 Qf6 40.
Qc2 Qa1+ 0-1

[Event "World Rapid 2025"]
[Site "Doha QAT"]
[Date "2025.12.26"]
[Round "2.90"]
[White "Ammar, Sedrani"]
[Black "So, Wesley"]
[Result "0-1"]
[WhiteTitle "FM"]
[BlackTitle "GM"]
[WhiteElo "2203"]
[BlackElo "2753"]
[WhiteFideId "9312331"]
[BlackFideId "5202213"]
[EventDate "2025.12.26"]
[EventType "rapid"]

1. e4 c5 2. Nf3 d6 3. d4 cxd4 4. Nxd4 Nf6 5. Nc3 a6 6. Bg5 e6 7. Qe2 Be7 8.
O-O-O Nxe4 9. Bxe7 Nxc3 10. Bxd8 Nxe2+ 11. Nxe2 Kxd8 12. Rxd6+ Ke7 13. Rd2 b5
14. g3 Bb7 15. Rg1 h5 16. h4 Nd7 17. Bg2 Bxg2 18. Rxg2 Nc5 19. f3 Rhd8 20. Nf4
g6 21. Rxd8 Rxd8 22. Rd2 Rc8 23. Kd1 b4 24. Nd3 Na4 25. Re2 Rd8 26. Kc1 a5 27.
Re5 Rd5 28. Rxd5 exd5 29. Kd2 d4 30. Ne5 Nxb2 31. Kc1 Na4 32. Nc6+ Kd6 33. Nxd4
Nc3 34. Kb2 Kd5 35. Nb3 a4 36. Nd2 Nb5 37. g4 Nd4 38. gxh5 a3+ 39. Kc1 Ne2+ 40.
Kb1 gxh5 41. Ne4 Nc3+ 42. Nxc3+ 0-1

[Event "World Rapid 2025"]
[Site "Doha QAT"]
[Date "2025.12.26"]
[Round "2.91"]
[White "Andreikin, Dmitry"]
[Black "Suyarov, Mukhammadzokhid"]
[Result "1-0"]
[WhiteTitle "GM"]
[BlackTitle "IM"]
[WhiteElo "2710"]
[BlackElo "2454"]
[WhiteFideId "4158814"]
[BlackFideId "14210495"]
[EventDate "2025.12.26"]
[EventType "rapid"]

1. d4 d5 2. c4 c6 3. Nf3 Nf6 4. e3 e6 5. Nbd2 Nbd7 6. Bd3 Bd6 7. O-O O-O 8. e4
dxe4 9. Nxe4 Nxe4 10. Bxe4 Nf6 11. Bg5 h6 12. Bxf6 Qxf6 13. c5 Bc7 14. Qe2 Bd7
15. Ne5 Rad8 16. f4 Be8 17. Rad1 Qe7 18. Bc2 f6 19. Qd3 g5 20. Ng6 Bxg6 21.
Qxg6+ Qg7 22. Qe4 gxf4 23. Qxe6+ Kh8 24. Qh3 f5 25. Kh1 Qf6 26. Rfe1 Kg7 27. Re2
Rxd4 28. Rde1 Rd7 29. Re6 Qg5 30. Qc3+ Kh7 31. Qh3 Rg7 32. b4 h5 33. Bd1 h4 34.
a4 Rd8 35. Bc2 Rf8 36. b5 cxb5 37. axb5 Qg4 38. Qxg4 Rxg4 39. Re8 Rf7 40. Bb3
Rfg7 41. Be6 R4g5 42. Rf8 Kg6 43. Bc8 f3 44. gxf3 h3 45. Bxb7 Bf4 46. Bc8 Rg2
47. Rg1 Rxg1+ 48. Kxg1 Kh6+ 49. Kf1 Rc7 50. c6 Kg7 51. Rxf5 Rxc8 52. Rxf4 Rb8
53. Rc4 Kf7 54. c7 Rc8 55. Kf2 Ke6 56. f4 Kd5 57. Rc1 1-0

[Event "World Rapid 2025"]
[Site "Doha QAT"]
[Date "2025.12.26"]
[Round "2.92"]
[White "Wojtaszek, Radoslaw"]
[Black "Rakotomaharo, Fy Antenaina"]
[Result "1/2-1/2"]
[WhiteTitle "GM"]
[BlackTitle "IM"]
[WhiteElo "2667"]
[BlackElo "2434"]
[WhiteFideId "1118358"]
[BlackFideId "13100050"]
[EventDate "2025.12.26"]
[EventType "rapid"]

1. c4 e6 2. Nc3 d5 3. d4 Bb4 4. a3 Bxc3+ 5. bxc3 Nf6 6. e3 c6 7. Bd3 b6 8. cxd5
cxd5 9. Ne2 O-O 10. f3 Ba6 11. O-O Bxd3 12. Qxd3 Nbd7 13. Ng3 h5 14. Bd2 Re8 15.
c4 h4 16. Ne2 dxc4 17. Qxc4 e5 18. Rad1 Rc8 19. Qb3 exd4 20. Nxd4 Nc5 21. Qb1 g6
22. Ne2 Qe7 23. e4 h3 24. Nf4 hxg2 25. Rfe1 Qe5 26. Nxg2 Qh5 27. Rf1 Ne6 28. h4
Nd7 29. f4 Nd4 30. Qd3 Ne2+ 31. Kh2 Nc5 32. Qf3 Qxf3 33. Rxf3 Nxe4 34. Be1 Nf6
35. f5 Ng4+ 36. Kh1 Nc1 37. fxg6 fxg6 38. Rg3 Re4 39. Rd6 Kf7 40. Rf3+ Kg7 41.
Bc3+ Kh6 42. Rd7 Rxc3 43. Rxc3 Ne2 44. Rb3 Rc4 45. Ne3 Nxe3 46. Rxe3 Rxh4+ 47.
Kg2 Nd4 48. Rxa7 Rg4+ 49. Rg3 Re4 50. Ra6 Re2+ 51. Kh3 Re6 52. Rd3 Ne2 53. Rb3
Nf4+ 54. Kg3 Nd5 55. Ra4 Kg7 56. Rd4 Ne7 57. Rdb4 Nc8 58. Kf3 Kf6 59. Rf4+ Kg7
60. Rc4 Ne7 61. Re4 Rf6+ 62. Ke3 Nf5+ 63. Kd2 Rd6+ 64. Rd3 Rc6 65. Rb4 Ne7 66.
Rd7 Kf6 67. Kd3 Ke6 68. Rb7 Nd5 69. Re4+ Kd6 70. Rg7 Rc3+ 71. Kd4 Rg3 72. Re8
Rg4+ 73. Kd3 Rg3+ 74. Kc4 b5+ 75. Kd4 Rg4+ 76. Re4 Rg1 77. Kd3 Rg3+ 78. Kc2 Rxa3
79. Rxg6+ Kc5 80. Rg5 Rc3+ 81. Kd2 Rc4 82. Re8 Rd4+ 83. Kc2 Kb4 84. Ree5 Kc4 85.
Rxd5 1/2-1/2

[Event "World Rapid 2025"]
[Site "Doha QAT"]
[Date "2025.12.26"]
[Round "2.93"]
[White "Sadhwani, Raunak"]
[Black "Stribuk, Artiom"]
[Result "1-0"]
[WhiteTitle "GM"]
[BlackTitle "IM"]
[WhiteElo "2638"]
[BlackElo "2476"]
[WhiteFideId "35093487"]
[BlackFideId "13515659"]
[EventDate "2025.12.26"]
[EventType "rapid"]

1. e4 c5 2. Nc3 Nc6 3. g3 g6 4. Bg2 Bg7 5. d3 Rb8 6. f4 b5 7. Nf3 b4 8. Nd5 Nf6
9. Ne3 d6 10. h3 O-O 11. g4 a5 12. O-O a4 13. a3 b3 14. c3 Ba6 15. Rf2 c4 16. e5
dxe5 17. fxe5 Nd7 18. d4 f6 19. exf6 Nxf6 20. d5 Na5 21. Nd4 Bc8 22. Qe2 Kh8 23.
Bd2 Qc7 24. Raf1 Bd7 25. Nd1 Rbe8 26. Bf4 Qc5 27. Be5 Nb7 28. g5 Kg8 29. Ne6
Bxe6 30. Bd4 Qd6 31. Qxe6+ Qxe6 32. dxe6 1-0

[Event "World Rapid 2025"]
[Site "Doha QAT"]
[Date "2025.12.26"]
[Round "2.94"]
[White "Matlakov, Maxim"]
[Black "Averin, Nikolay"]
[Result "1/2-1/2"]
[WhiteTitle "GM"]
[BlackTitle "FM"]
[WhiteElo "2606"]
[BlackElo "2389"]
[WhiteFideId "4168003"]
[BlackFideId "24250473"]
[EventDate "2025.12.26"]
[EventType "rapid"]

1. d4 Nf6 2. c4 e6 3. Nf3 d5 4. g3 dxc4 5. Bg2 Nc6 6. O-O Rb8 7. Qc2 b5 8. b3
Nb4 9. Qb2 cxb3 10. axb3 a6 11. Ne5 Bb7 12. Bxb7 Rxb7 13. Bd2 Rb6 14. Rc1 h6 15.
Na3 Bd6 16. Nc2 Nxc2 17. Qxc2 O-O 18. Nc6 Qa8 19. Ba5 Nd7 20. e4 Bc5 21. Bxb6
Bxb6 22. Rd1 Re8 1/2-1/2

[Event "World Rapid 2025"]
[Site "Doha QAT"]
[Date "2025.12.26"]
[Round "2.95"]
[White "Nikitenko, Mihail"]
[Black "Amin, Bassem"]
[Result "0-1"]
[WhiteTitle "GM"]
[BlackTitle "GM"]
[WhiteElo "2476"]
[BlackElo "2626"]
[WhiteFideId "13506862"]
[BlackFideId "10601457"]
[EventDate "2025.12.26"]
[EventType "rapid"]

1. Nf3 Nf6 2. g3 g6 3. Bg2 Bg7 4. O-O O-O 5. d3 d5 6. Nbd2 Nc6 7. e4 dxe4 8.
dxe4 a5 9. c3 Nd7 10. Qe2 Nc5 11. Rd1 Qd3 12. Qe1 Rd8 13. Bf1 Qc2 14. Bc4 Bg4
15. Kg2 Bxf3+ 16. Kxf3 0-1

[Event "World Rapid 2025"]
[Site "Doha QAT"]
[Date "2025.12.26"]
[Round "2.96"]
[White "Indjic, Aleksandar"]
[Black "Grafl, Florian"]
[Result "1-0"]
[WhiteTitle "GM"]
[BlackTitle "IM"]
[WhiteElo "2635"]
[BlackElo "2343"]
[WhiteFideId "911925"]
[BlackFideId "4645715"]
[EventDate "2025.12.26"]
[EventType "rapid"]

1. c4 f5 2. Nc3 Nf6 3. Nf3 g6 4. d4 Bg7 5. Bf4 O-O 6. e3 d6 7. h3 Nc6 8. Bh2 Qe8
9. Nd5 Nxd5 10. cxd5 Nd8 11. Bc4 Bd7 12. Rc1 Bb5 13. Qb3 Bxc4 14. Rxc4 Qd7 15.
O-O Kh8 16. Rfc1 c6 17. R4c2 Bf6 18. Bg3 h6 19. Ne1 g5 20. Nd3 Qe8 21. dxc6 bxc6
22. Nb4 Rb8 23. Qa4 Qg6 24. Nxc6 Nxc6 25. Qxc6 f4 26. Bh2 fxe3 27. fxe3 g4 28.
hxg4 Qxg4 29. Qf3 Qg6 30. Bf4 e5 31. dxe5 dxe5 32. Bh2 e4 33. Qe2 Rbd8 34. Rc6
Qg7 35. Rc7 Rd7 36. Bf4 Rfd8 37. Rxd7 Rxd7 38. Qh5 Kh7 39. Qf5+ Kh8 40. Rc8+ Rd8 1-0

[Event "World Rapid 2025"]
[Site "Doha QAT"]
[Date "2025.12.26"]
[Round "2.97"]
[White "Morris, James"]
[Black "Vokhidov, Shamsiddin"]
[Result "0-1"]
[WhiteTitle "IM"]
[BlackTitle "GM"]
[WhiteElo "2422"]
[BlackElo "2641"]
[WhiteFideId "3205800"]
[BlackFideId "14204223"]
[EventDate "2025.12.26"]
[EventType "rapid"]

1. e4 c5 2. Nf3 e6 3. g3 Nc6 4. Bg2 Nf6 5. Nc3 d6 6. O-O Be7 7. d4 cxd4 8. Nxd4
Bd7 9. Nde2 O-O 10. b3 a6 11. a4 Rb8 12. Bb2 b5 13. axb5 axb5 14. Qd2 Qc7 15.
Nd1 Bc8 16. Ne3 Bb7 17. f4 Rfd8 18. g4 d5 19. exd5 Nxd5 20. Nxd5 exd5 21. Ng3 d4
22. Rac1 Rbc8 23. Ne4 Nb4 24. f5 f6 25. g5 Na2 26. gxf6 gxf6 27. Rce1 Bb4 28.
Nxf6+ Kh8 29. Qg5 Bxg2 30. Re8+ Rxe8 31. Nxe8 Qe5 32. Rf4 Qe3+ 33. Kxg2 Rxc2+
34. Kh1 Qe1+ 35. Qg1 Qxg1+ 36. Kxg1 Rxb2 37. f6 Nc3 38. Rg4 d3 39. f7 Bc5+ 40.
Kh1 Rb1+ 41. Kg2 Rg1+ 0-1

[Event "World Rapid 2025"]
[Site "Doha QAT"]
[Date "2025.12.26"]
[Round "2.98"]
[White "Lodici, Lorenzo"]
[Black "Aziz, Husain"]
[Result "1-0"]
[WhiteTitle "GM"]
[BlackTitle "IM"]
[WhiteElo "2590"]
[BlackElo "2256"]
[WhiteFideId "884189"]
[BlackFideId "12100293"]
[EventDate "2025.12.26"]
[EventType "rapid"]

1. e4 e5 2. Nf3 Nc6 3. Bc4 Nf6 4. d3 h6 5. Nc3 d6 6. d4 Bg4 7. Bb5 Nd7 8. Bxc6
bxc6 9. Be3 g6 10. h3 Bxf3 11. Qxf3 Bg7 12. O-O-O O-O 13. h4 exd4 14. Bxd4 Ne5
15. Qg3 Qb8 16. f4 Nc4 17. b3 Na3 18. h5 Qe8 19. hxg6 fxg6 20. f5 Bxd4 21. Rxd4
Kg7 22. Qh3 h5 23. fxg6 Qxg6 24. Rd3 Rf4 25. Kb2 Nb5 26. Qd7+ Rf7 27. Qxc6 Nxc3
28. Qxc3+ Qf6 29. Rxh5 1-0

[Event "World Rapid 2025"]
[Site "Doha QAT"]
[Date "2025.12.26"]
[Round "2.99"]
[White "Suleimen, Ergali"]
[Black "Daneshvar, Bardiya"]
[Result "0-1"]
[WhiteTitle "IM"]
[BlackTitle "GM"]
[WhiteElo "2419"]
[BlackElo "2600"]
[WhiteFideId "13724452"]
[BlackFideId "12576468"]
[EventDate "2025.12.26"]
[EventType "rapid"]

1. e4 c5 2. Nf3 Nc6 3. d4 cxd4 4. Nxd4 e6 5. Nc3 Qc7 6. Be3 a6 7. a3 b5 8. Nxc6
Qxc6 9. h4 Bb7 10. h5 h6 11. Qd2 Nf6 12. e5 Nd5 13. Nxd5 Qxd5 14. O-O-O Rc8 15.
Rh4 Qxd2+ 16. Rxd2 Bc5 17. Bd4 Ke7 18. b4 Bxd4 19. Rhxd4 Rc7 20. Kb2 f6 21. f4
Rf8 22. Bd3 Rfc8 23. Re2 f5 24. Re3 Kf7 25. Rg3 Bc6 26. Rg6 Be4 27. Bxe4 fxe4
28. c4 d5 29. c5 Rc6 30. g4 a5 31. f5 axb4 32. axb4 Rd8 33. Kc3 Ra6 34. Rd1 d4+
35. Kb3 Rda8 36. fxe6+ Ke8 37. Rxd4 Ra2 38. Rd8+ Kxd8 39. Kc3 0-1

[Event "World Rapid 2025"]
[Site "Doha QAT"]
[Date "2025.12.26"]
[Round "2.100"]
[White "Tran, Thanh Tu"]
[Black "Altini, Nicola"]
[Result "1-0"]
[WhiteTitle "IM"]
[BlackTitle "IM"]
[WhiteElo "2402"]
[BlackElo "2360"]
[WhiteFideId "12401404"]
[BlackFideId "833924"]
[EventDate "2025.12.26"]
[EventType "rapid"]

1. d4 d5 2. Nf3 Nf6 3. c3 g6 4. Bf4 Bg7 5. h3 O-O 6. Nbd2 b6 7. e3 c5 8. a4 Nc6
9. Ne5 Bb7 10. a5 Nxe5 11. Bxe5 c4 12. Be2 b5 13. h4 Nd7 14. Bxg7 Kxg7 15. h5 g5
16. h6+ Kh8 17. Qc2 f5 18. b3 e5 19. dxe5 Nxe5 20. a6 Bc6 21. b4 g4 22. Nf1 f4
23. Qd2 f3 24. Qd4 Qf6 25. gxf3 gxf3 26. Bd1 Nd3+ 27. Kd2 Nxf2 28. Rh5 Ne4+ 29.
Kc2 Rae8 30. Kb2 Qxd4 31. exd4 Rf6 32. Bc2 f2 33. Rd1 Ree6 34. Re5 Nd6 35. Rd2
Rxh6 36. Rxf2 Ref6 37. Rxf6 Rxf6 38. Ne3 Bd7 39. Nxd5 Rf2 40. Ne3 Be8 41. Re6
Re2 42. d5 Bh5 43. Rxd6 Rxe3 44. Rd7 Re2 45. Rxh7+ Kg8 46. Rxh5 1-0

[Event "World Rapid 2025"]
[Site "Doha QAT"]
[Date "2025.12.26"]
[Round "2.101"]
[White "Zhang, Zhong"]
[Black "Fandi, Mazen"]
[Result "1/2-1/2"]
[WhiteTitle "GM"]
[BlackTitle "FM"]
[WhiteElo "2561"]
[BlackElo "2304"]
[WhiteFideId "8600694"]
[BlackFideId "7611625"]
[EventDate "2025.12.26"]
[EventType "rapid"]

1. e4 c6 2. d4 d5 3. exd5 cxd5 4. c4 Nf6 5. Nc3 Nc6 6. Nf3 Bg4 7. c5 Bxf3 8.
gxf3 g6 9. f4 Bg7 10. Be3 O-O 11. h4 b6 12. Bb5 Rc8 13. Qa4 Nxd4 14. Bxd4 bxc5
15. Be5 d4 16. Rd1 Nh5 17. Bxg7 Kxg7 18. Ne2 Qc7 19. f5 Rb8 20. b3 Qe5 21. Bd3
Nf4 22. h5 Nxd3+ 23. Rxd3 Qxf5 24. Rhh3 e5 25. Qc6 e4 26. Rdg3 Rb6 27. Qc7 Rf6
28. Rh2 Rc8 29. hxg6 hxg6 30. Qe7 e3 31. fxe3 Qb1+ 32. Kd2 d3 33. Rxg6+ Rxg6 34.
Qe5+ Rf6 35. Qg5+ Rg6 36. Qe5+ Rf6 37. Qg5+ Rg6 38. Qe5+ 1/2-1/2

[Event "World Rapid 2025"]
[Site "Doha QAT"]
[Date "2025.12.26"]
[Round "2.102"]
[White "Materia, Marco"]
[Black "Musovic, Armin"]
[Result "1-0"]
[WhiteTitle "IM"]
[BlackTitle "FM"]
[WhiteElo "2497"]
[BlackElo "2190"]
[WhiteFideId "45150451"]
[BlackFideId "939935"]
[EventDate "2025.12.26"]
[EventType "rapid"]

1. d4 d5 2. c4 c5 3. cxd5 Nf6 4. Nf3 cxd4 5. Qxd4 Qxd5 6. Nc3 Qxd4 7. Nxd4 a6 8.
g3 e5 9. Nb3 Nc6 10. Bg2 a5 11. Na4 Bb4+ 12. Bd2 Ke7 13. O-O Bg4 14. Bxb4+ axb4
15. Nac5 b6 16. Bxc6 Rac8 17. Nd3 Rxc6 18. Nxe5 Rc2 19. Nd4 Rxb2 20. Nc4 Rxe2
21. Nxe2 Rc8 22. f3 Be6 23. Nxb6 Rc2 24. Nd4 1-0

[Event "World Rapid 2025"]
[Site "Doha QAT"]
[Date "2025.12.26"]
[Round "2.103"]
[White "Nurgaliyev, Sauat"]
[Black "Mitrabha, Guha"]
[Result "1-0"]
[WhiteTitle "IM"]
[BlackTitle "GM"]
[WhiteElo "2437"]
[BlackElo "2508"]
[WhiteFideId "13726285"]
[BlackFideId "5057000"]
[EventDate "2025.12.26"]
[EventType "rapid"]

1. e4 c6 2. Nc3 d5 3. Nf3 Bg4 4. h3 Bxf3 5. Qxf3 e6 6. g3 Nd7 7. d4 Qb6 8. Qd3
Bb4 9. Bg2 dxe4 10. Bxe4 O-O-O 11. Be3 Qa5 12. Qc4 Ngf6 13. Bg2 Nb6 14. Qb3 Nfd5
15. Bd2 Nc7 16. a3 Rxd4 17. O-O-O Bxc3 18. Bxc3 Qg5+ 19. Kb1 Rxd1+ 20. Rxd1 Ncd5
21. Bd4 Rd8 22. Rd3 g6 23. a4 Nc7 24. Be3 Qa5 25. Rxd8+ Kxd8 26. Qd3+ Kc8 27.
Qd6 Nd7 28. Qe7 Nd5 29. Qe8+ Qd8 30. Qxf7 Nxe3 31. fxe3 Nc5 32. Bf3 a5 33. Bg4
Kb8 34. b3 Ka7 35. Qxh7 Qd6 36. Qxg6 Qxg3 37. Qg5 e5 38. Kb2 Qf2 39. Qd8 Qe1 40.
Qd6 Qxe3 41. Qd8 Qe1 42. Qd6 Na6 43. Qe7 Qe3 44. Qd8 Qc5 45. c3 Qf2+ 46. Kb1 Qc5
47. Kb2 Qf2+ 48. Kb1 Qe1+ 49. Kc2 e4 50. Qd2 Qa1 51. Qc1 Qxc1+ 52. Kxc1 Nc5 53.
h4 Nd3+ 54. Kd2 Ne5 55. Be2 Kb6 56. Ke3 Kc5 57. h5 Kd6 58. h6 Nf7 59. h7 Ke5 60.
Bh5 Nh8 61. Be8 Kf5 62. Bd7+ Kg6 63. Kxe4 Kxh7 64. Be8 Kg7 65. Kd4 Kf8 66. Bh5
b6 67. c4 Nf7 68. Bxf7 Kxf7 69. c5 b5 70. b4 Ke7 71. bxa5 Kd7 72. axb5 cxb5 73.
Kc3 Kc7 74. Kb4 1-0

[Event "World Rapid 2025"]
[Site "Doha QAT"]
[Date "2025.12.26"]
[Round "2.104"]
[White "George Samir, David"]
[Black "Dudin, Gleb"]
[Result "0-1"]
[WhiteTitle "IM"]
[BlackTitle "GM"]
[WhiteElo "2343"]
[BlackElo "2585"]
[WhiteFideId "10657789"]
[BlackFideId "34184934"]
[EventDate "2025.12.26"]
[EventType "rapid"]

1. e4 c5 2. Nf3 d6 3. d4 cxd4 4. Nxd4 Nf6 5. Nc3 a6 6. Bg5 Nbd7 7. Qe2 e6 8.
O-O-O h6 9. Bh4 Qc7 10. f4 Be7 11. g4 b5 12. e5 dxe5 13. fxe5 Qxe5 14. Qf3 Qb8
15. Bg2 Ra7 16. Nc6 Bb7 17. Bxf6 Bxf6 18. Ne4 Bxb2+ 19. Kxb2 Bxc6 20. Nf6+ gxf6
21. Qxc6 Ke7 22. Rhe1 Rc8 23. Qf3 Rac7 24. Re2 Ne5 25. Qh3 Qb6 26. Rxe5 Rxc2+
27. Kb1 Qa5 28. Bd5 fxe5 29. Qh4+ f6 30. Qxh6 exd5 31. Qh7+ Kd6 32. Rxd5+ Kxd5
33. Qd7+ Ke4 34. Qb7+ Ke3 35. Qa7+ R8c5 0-1

[Event "World Rapid 2025"]
[Site "Doha QAT"]
[Date "2025.12.26"]
[Round "2.105"]
[White "Bharath, Subramaniyam H"]
[Black "Harikrishnan, A. Ra"]
[Result "0-1"]
[WhiteTitle "GM"]
[BlackTitle "GM"]
[WhiteElo "2576"]
[BlackElo "2531"]
[WhiteFideId "46634827"]
[BlackFideId "5081483"]
[EventDate "2025.12.26"]
[EventType "rapid"]

1. e4 e6 2. d4 d5 3. Nc3 dxe4 4. Nxe4 Nd7 5. Nf3 Ngf6 6. Nxf6+ Nxf6 7. Be3 Bd6
8. Bd3 O-O 9. O-O b6 10. c4 Bb7 11. h3 c5 12. dxc5 Bxc5 13. Bxc5 bxc5 14. Ne5
Qc7 15. Qe2 Rfd8 16. Rad1 Rd4 17. Bc2 Rad8 18. Rxd4 Rxd4 19. Rd1 Qd6 20. Rxd4
Qxd4 21. Qd1 Qxd1+ 22. Bxd1 Kf8 23. Ba4 Ke7 24. f3 Ng8 25. a3 a5 26. Kf2 f6 27.
Nd3 Kd6 28. Nc1 Kc7 29. Bc2 h6 30. Nd3 Kd6 31. Nc1 Kc7 32. Ne2 Kd6 33. Ng3 f5
34. Ne2 Nf6 35. Nc1 Bc6 36. Ke3 g5 37. g3 Nh5 38. g4 f4+ 39. Kf2 Nf6 40. Ne2 Nd7
41. Nc3 Ne5 42. b3 Nxf3 43. Be4 Nd2 44. Bc2 Nf3 45. Nb5+ Bxb5 46. Kxf3 Bc6+ 47.
Be4 Bxe4+ 48. Kxe4 a4 49. bxa4 Kc6 0-1

[Event "World Rapid 2025"]
[Site "Doha QAT"]
[Date "2025.12.26"]
[Round "2.106"]
[White "Medhus, Vitus Bondo"]
[Black "Peyrer, Konstantin"]
[Result "0-1"]
[WhiteTitle "FM"]
[BlackTitle "IM"]
[WhiteElo "2387"]
[BlackElo "2496"]
[WhiteFideId "1462547"]
[BlackFideId "1640879"]
[EventDate "2025.12.26"]
[EventType "rapid"]

1. e4 e5 2. Nf3 Nc6 3. Bb5 a6 4. Ba4 Nf6 5. O-O d6 6. c3 Bd7 7. d4 g6 8. dxe5
Nxe5 9. Nxe5 dxe5 10. Bg5 Be7 11. Bh6 Bxa4 12. Qxa4+ Qd7 13. Qb3 Qb5 14. Nd2 Ng4
15. Bg7 Rg8 16. h3 Qxb3 17. axb3 Ne3 18. fxe3 Rxg7 19. Kf2 h5 20. Ke2 Kd7 21. b4
Rag8 22. Nc4 Ke6 23. Ra5 f6 24. Rd5 h4 25. Kf3 c6 26. Ra5 Rd8 27. Raa1 f5 28.
Rad1 Rf8 29. Na5 Bd6 30. Ke2 Rgf7 31. Rf2 Rh8 32. Kf1 Bb8 33. c4 f4 34. exf4
exf4 35. c5 g5 36. Rfd2 f3 37. Rd8 Rxd8 38. Rxd8 fxg2+ 39. Kxg2 Bg3 40. Rd2 Bf4
41. Rd8 Bg3 42. Kg1 Ke5 43. Rb8 Kxe4 44. Rxb7 Rxb7 45. Nxb7 Kd5 46. Kf1 Be5 47.
Ke2 Bxb2 48. Nd6 Bc3 49. Kd3 g4 50. Ne4 Bxb4 51. Nf6+ Ke5 52. Nxg4+ Kf4 53. Kd4
a5 54. Nf6 Kg3 55. Nd7 a4 56. Kc4 a3 57. Kb3 Kxh3 58. Ne5 Kg2 59. Nxc6 Bxc5 60.
Ne5 h3 61. Ng4 Kg3 62. Ne5 h2 63. Nd3 Bd6 0-1

[Event "World Rapid 2025"]
[Site "Doha QAT"]
[Date "2025.12.26"]
[Round "2.107"]
[White "Christiansen, Johan-Sebastian"]
[Black "Smirnov, Mark"]
[Result "1-0"]
[WhiteTitle "GM"]
[BlackTitle "FM"]
[WhiteElo "2655"]
[BlackElo "2420"]
[WhiteFideId "1512668"]
[BlackFideId "13764594"]
[EventDate "2025.12.26"]
[EventType "rapid"]

1. e4 e5 2. Nc3 Nf6 3. d4 d6 4. Nf3 Nbd7 5. Rg1 c6 6. g4 h6 7. Be3 Be7 8. h4 Nf8
9. g5 Ng4 10. Qd2 Nxe3 11. fxe3 hxg5 12. hxg5 Ne6 13. Qg2 exd4 14. exd4 Rh5 15.
g6 Bh4+ 16. Kd1 Bf6 17. gxf7+ Kf8 18. Ne2 Qb6 19. c3 Qxb2 20. Rc1 Qxa2 21. Rh1
Rxh1 22. Qxh1 Qa5 23. e5 dxe5 24. dxe5 Qd5+ 25. Ke1 Ng5 26. Qh8+ Kxf7 27. Nxg5+
Bxg5 28. Qh5+ Kg8 29. Qxg5 Be6 30. Rd1 Qc5 31. Qg3 Re8 32. Rd4 Bf5 33. e6 Bxe6
34. Re4 Bf7 35. Rxe8+ Bxe8 36. Qb8 Qe3 37. Qxb7 Kh7 38. Qc8 Kh6 39. Bg2 a5 40.
Bxc6 Bf7 41. Qh8+ Kg6 42. Qh4 Be6 43. Be8+ Kf5 44. Qh5+ g5 45. Qh7+ Kf6 46. Qg6+
Ke7 47. Bb5 g4 48. Qg7+ Kd6 49. Qf8+ Ke5 50. Qb8+ Kf6 51. Qd8+ Kg6 52. Be8+ Kf5
53. Qxa5+ Kf6 54. Qd8+ Kf5 55. Bd7 Bxd7 56. Qxd7+ Kg6 57. Qxg4+ Kh7 58. Qh4+ Kg6
59. Qg3+ 1-0

[Event "World Rapid 2025"]
[Site "Doha QAT"]
[Date "2025.12.26"]
[Round "2.108"]
[White "Berend, Fred"]
[Black "Samadov, Read"]
[Result "0-1"]
[WhiteTitle "IM"]
[BlackTitle "IM"]
[WhiteElo "2213"]
[BlackElo "2510"]
[WhiteFideId "4000102"]
[BlackFideId "13417444"]
[EventDate "2025.12.26"]
[EventType "rapid"]

1. d4 Nf6 2. Nf3 g6 3. Bg5 Bg7 4. Nbd2 O-O 5. c3 d6 6. e4 c5 7. dxc5 dxc5 8. Bc4
Nc6 9. O-O h6 10. Bh4 Nh5 11. Re1 Qc7 12. Qc2 e6 13. a4 b6 14. Bf1 Bb7 15. Nc4
g5 16. Bg3 Nxg3 17. hxg3 Rad8 18. g4 Qf4 19. Nh2 Ne5 20. Nxe5 Rd2 21. Nd3 Qxh2+
22. Kxh2 Rxc2 23. Rac1 Rd2 24. f3 c4 25. Nb4 Rxb2 26. Bxc4 Rc8 27. Ba6 Bxa6 28.
Nxa6 Bxc3 29. Red1 Be5+ 30. Kh3 Rxc1 31. Rxc1 Ra2 32. Rc4 Ra1 33. g3 Rg1 34. f4
gxf4 35. gxf4 Bxf4 36. Nb4 Rg3+ 37. Kh4 Ra3 38. Nc2 Bg5+ 0-1

[Event "World Rapid 2025"]
[Site "Doha QAT"]
[Date "2025.12.26"]
[Round "2.109"]
[White "Erdogmus, Yagiz Kaan"]
[Black "Phuyal, Aashish"]
[Result "1-0"]
[WhiteTitle "GM"]
[WhiteElo "2658"]
[BlackElo "1955"]
[WhiteFideId "44599790"]
[BlackFideId "12312649"]
[EventDate "2025.12.26"]
[EventType "rapid"]

1. d4 Nf6 2. Nc3 d5 3. Bf4 a6 4. e3 b5 5. Nf3 e6 6. Ne5 c5 7. g4 Bb7 8. Bg2 Nc6
9. g5 Nxe5 10. gxf6 Nc4 11. fxg7 Bxg7 12. b3 cxd4 13. exd4 Qf6 14. Ne2 Nb6 15.
Qd2 Qd8 16. Ng3 h5 17. Bf3 h4 18. Nh5 Bf8 19. Be5 Rxh5 20. Bxh5 Qe7 21. Rg1 Nd7
22. Bg7 O-O-O 23. Bxf8 Rxf8 24. O-O-O Rh8 25. Bf3 Nf6 26. Kb2 Ne8 27. Qf4 Bc6
28. Rg4 a5 29. Qg5 f6 30. Qd2 Kb7 31. Qxa5 Nc7 32. a3 e5 33. Qb4 Qd7 34. Rdg1
Qf5 35. Rg7 Rc8 36. Bg4 1-0

[Event "World Rapid 2025"]
[Site "Doha QAT"]
[Date "2025.12.26"]
[Round "2.110"]
[White "Alhassadi, Yousef A."]
[Black "Samunenkov, Ihor"]
[Result "0-1"]
[WhiteTitle "FM"]
[BlackTitle "GM"]
[WhiteElo "2098"]
[BlackElo "2584"]
[WhiteFideId "9204725"]
[BlackFideId "14187086"]
[EventDate "2025.12.26"]
[EventType "rapid"]

1. e4 e5 2. Nf3 Nc6 3. d4 exd4 4. Nxd4 Bc5 5. Nb3 Bb6 6. Nc3 d6 7. Bf4 Nge7 8.
Qd2 Ng6 9. Be3 O-O 10. O-O-O Bxe3 11. Qxe3 f5 12. exf5 Bxf5 13. f4 Kh8 14. g3
Qd7 15. Bg2 Rae8 16. Qd2 Bh3 17. Bxh3 Qxh3 18. Nd5 Qd7 19. Rhe1 h6 20. Qd3 Nge7
21. Nc5 dxc5 22. Nxe7 Qxd3 23. Rxd3 Nxe7 24. Rd7 Nc6 25. Rxe8 Rxe8 26. Rxc7 Re7 0-1